| 000 | 01077nam a2200265 a 4500 | ||
|---|---|---|---|
| 005 | 20070119085348.0 | ||
| 008 | 060831s2006 ii b 000 0 eng | ||
| 010 | _aENG-91356 | ||
| 020 |
_a8186921435 _c550.00 |
||
| 020 | _a9788186921432 | ||
| 035 | _aEN-74889 | ||
| 037 | _bDBAD / PUB | ||
| 040 |
_adpl _bEnglish |
||
| 082 | _a250 | ||
| 100 | _aHeera, Bhupender, 1976- | ||
| 245 |
_aImpact of Buddhism on socio-religious life of the Asian people: _cby Bhupender Heera _bwith special reference to Sri Lanka, China and Tibet-(from 1st century BCE to 8th century CE) / |
||
| 260 |
_aNew Delhi : _bDecent Books _c2007 |
||
| 300 |
_axviii, 269p. _c23 cm (Hb) |
||
| 500 | _aIncludes bibliographical references and index | ||
| 520 | _aHistory of Kashmiri Pandits and Kashmir, India. | ||
| 650 |
_aBuddhism _zAsia _xHistory |
||
| 651 |
_aAsia _xCivilization _xBuddhist influences |
||
| 942 |
_2ddc _cEN _h250 _mHEE |
||
| 999 |
_c16838 _d16838 |
||